<?xml version="1.0" encoding="UTF-8"?>
<record
    xmlns:xsi="http://www.w3.org/2001/XMLSchema-instance"
    xsi:schemaLocation="http://www.loc.gov/MARC21/slim http://www.loc.gov/standards/marcxml/schema/MARC21slim.xsd"
    xmlns="http://www.loc.gov/MARC21/slim">

  <leader>01440nam0a2200301   4500</leader>
  <controlfield tag="001">RU\NLR\bibl\1663069</controlfield>
  <controlfield tag="005">20250616041742.0</controlfield>
  <datafield tag="010" ind1=" " ind2=" ">
    <subfield code="a">5-93881-063-9</subfield>
    <subfield code="9">1000</subfield>
  </datafield>
  <datafield tag="035" ind1=" " ind2=" ">
    <subfield code="a">(NLR Aleph) 001654351</subfield>
  </datafield>
  <datafield tag="090" ind1=" " ind2=" ">
    <subfield code="a">941784</subfield>
    <subfield code="c">941784</subfield>
  </datafield>
  <datafield tag="100" ind1=" " ind2=" ">
    <subfield code="a">20100811d2008    |||y0rusy50      ca</subfield>
  </datafield>
  <datafield tag="101" ind1="0" ind2=" ">
    <subfield code="a">rus</subfield>
  </datafield>
  <datafield tag="102" ind1=" " ind2=" ">
    <subfield code="a">RU</subfield>
  </datafield>
  <datafield tag="105" ind1=" " ind2=" ">
    <subfield code="a">a   |||||||||</subfield>
  </datafield>
  <datafield tag="200" ind1="1" ind2=" ">
    <subfield code="a">"&#x414;&#x440;&#x435;&#x43C;&#x443;&#x447;&#x435;&#x435; &#x446;&#x430;&#x440;&#x441;&#x442;&#x432;&#x43E; &#x440;&#x430;&#x441;&#x442;&#x435;&#x43D;&#x438;&#x439;" &#x411;&#x43E;&#x440;&#x438;&#x441;&#x430; &#x41F;&#x430;&#x441;&#x442;&#x435;&#x440;&#x43D;&#x430;&#x43A;&#x430; &#x433;&#x43B;&#x430;&#x437;&#x430;&#x43C;&#x438; &#x443;&#x447;&#x435;&#x43D;&#x43E;&#x433;&#x43E; &#x44D;&#x43A;&#x43E;&#x43B;&#x43E;&#x433;&#x430;</subfield>
    <subfield code="f">&#x410;.&#x410;. &#x422;&#x438;&#x442;&#x43B;&#x44F;&#x43D;&#x43E;&#x432;&#x430;</subfield>
  </datafield>
  <datafield tag="210" ind1=" " ind2=" ">
    <subfield code="a">&#x41C;&#x43E;&#x441;&#x43A;&#x432;&#x430;</subfield>
    <subfield code="a">&#x41D;&#x43E;&#x432;&#x43E;&#x441;&#x438;&#x431;&#x438;&#x440;&#x441;&#x43A;</subfield>
    <subfield code="c">&#x424;&#x43E;&#x43B;&#x438;&#x443;&#x43C;</subfield>
    <subfield code="d">2008</subfield>
  </datafield>
  <datafield tag="215" ind1=" " ind2=" ">
    <subfield code="a">132 &#x441;.</subfield>
    <subfield code="c">&#x446;&#x432;. &#x438;&#x43B;.</subfield>
    <subfield code="d">23</subfield>
  </datafield>
  <datafield tag="300" ind1=" " ind2=" ">
    <subfield code="a">&#x41D;&#x430; 4-&#x439; &#x441;. &#x43E;&#x431;&#x43B;. &#x430;&#x432;&#x442;.: &#x410;&#x440;&#x433;&#x435;&#x43D;&#x442;&#x430; &#x410;&#x43D;&#x442;&#x43E;&#x43D;&#x438;&#x43D;&#x43E;&#x432;&#x43D;&#x430; &#x422;&#x438;&#x442;&#x43B;&#x44F;&#x43D;&#x43E;&#x432;&#x430; - &#x44D;&#x43A;&#x43E;&#x43B;&#x43E;&#x433;, &#x434;.&#x431;&#x438;&#x43E;&#x43B;.&#x43D;., &#x43F;&#x440;&#x43E;&#x444;.</subfield>
  </datafield>
  <datafield tag="320" ind1=" " ind2=" ">
    <subfield code="a">&#x411;&#x438;&#x431;&#x43B;&#x438;&#x43E;&#x433;&#x440;.: &#x441;. 130 (10 &#x43D;&#x430;&#x437;&#x432;.)</subfield>
  </datafield>
  <datafield tag="600" ind1=" " ind2="1">
    <subfield code="a">&#x41F;&#x430;&#x441;&#x442;&#x435;&#x440;&#x43D;&#x430;&#x43A;</subfield>
    <subfield code="b">&#x411;. &#x41B;.</subfield>
    <subfield code="f">1890 - 1960</subfield>
    <subfield code="g">&#x411;&#x43E;&#x440;&#x438;&#x441; &#x41B;&#x435;&#x43E;&#x43D;&#x438;&#x434;&#x43E;&#x432;&#x438;&#x447;</subfield>
    <subfield code="x">&#x422;&#x435;&#x43C;&#x430;&#x442;&#x438;&#x43A;&#x430; &#x43F;&#x440;&#x43E;&#x438;&#x437;&#x432;&#x435;&#x434;&#x435;&#x43D;&#x438;&#x439;</subfield>
    <subfield code="9">2581384</subfield>
    <subfield code="3">RU\NLR\auth\661525996</subfield>
  </datafield>
  <datafield tag="606" ind1="1" ind2=" ">
    <subfield code="a">&#x420;&#x430;&#x441;&#x442;&#x435;&#x43D;&#x438;&#x44F;</subfield>
    <subfield code="x">&#x432; &#x445;&#x443;&#x434;&#x43E;&#x436;&#x435;&#x441;&#x442;&#x432;&#x435;&#x43D;&#x43D;&#x43E;&#x439; &#x43B;&#x438;&#x442;&#x435;&#x440;&#x430;&#x442;&#x443;&#x440;&#x435;</subfield>
    <subfield code="9">2478846</subfield>
    <subfield code="3">RU\NLR\auth\661471684</subfield>
  </datafield>
  <datafield tag="686" ind1=" " ind2=" ">
    <subfield code="a">&#x428;5(2=&#x420;)7-4&#x41F;&#x430;&#x441;&#x442;&#x435;&#x440;&#x43D;&#x430;&#x43A;</subfield>
  </datafield>
  <datafield tag="700" ind1=" " ind2="1">
    <subfield code="4">070</subfield>
    <subfield code="7">ca</subfield>
    <subfield code="8">rus</subfield>
    <subfield code="a">&#x422;&#x438;&#x442;&#x43B;&#x44F;&#x43D;&#x43E;&#x432;&#x430;</subfield>
    <subfield code="b">&#x410;. &#x410;.</subfield>
    <subfield code="c">&#x434;-&#x440; &#x431;&#x438;&#x43E;&#x43B;. &#x43D;&#x430;&#x443;&#x43A;</subfield>
    <subfield code="f">1929-</subfield>
    <subfield code="g">&#x410;&#x440;&#x433;&#x435;&#x43D;&#x442;&#x430; &#x410;&#x43D;&#x442;&#x43E;&#x43D;&#x438;&#x43D;&#x43E;&#x432;&#x43D;&#x430;</subfield>
    <subfield code="9">144589</subfield>
    <subfield code="3">RU\NLR\AUTH\770144625</subfield>
  </datafield>
  <datafield tag="801" ind1=" " ind2="0">
    <subfield code="a">RU</subfield>
    <subfield code="b">NLR</subfield>
    <subfield code="c">20100811</subfield>
    <subfield code="g">RCR</subfield>
  </datafield>
  <datafield tag="801" ind1=" " ind2="1">
    <subfield code="a">RU</subfield>
    <subfield code="b">NLR</subfield>
    <subfield code="c">20100811</subfield>
  </datafield>
  <datafield tag="942" ind1=" " ind2=" ">
    <subfield code="c">BOOK</subfield>
  </datafield>
  <datafield tag="980" ind1=" " ind2=" ">
    <subfield code="a">NB</subfield>
  </datafield>
  <datafield tag="995" ind1=" " ind2=" ">
    <subfield code="5">2010-08-11</subfield>
    <subfield code="a">ah</subfield>
    <subfield code="b">NLR01</subfield>
    <subfield code="c">NLR01</subfield>
    <subfield code="e">RF8</subfield>
    <subfield code="f">3227523</subfield>
    <subfield code="k">2010-5/7020</subfield>
    <subfield code="o">0</subfield>
    <subfield code="p">199.50</subfield>
    <subfield code="r">BOOK</subfield>
    <subfield code="s">201057020_</subfield>
  </datafield>
</record>
